| 000 | 00786nam a2200193 i 4500 | ||
|---|---|---|---|
| 001 | 111268 | ||
| 003 | ES-MaACL | ||
| 005 | 20230906185255.0 | ||
| 007 | t| | ||
| 008 | 061121s1930 sp r ||||1| spa d | ||
| 100 | 1 |
_aNájera y Angulo, Fernando. _984873 |
|
| 245 | 1 | 3 |
_aLa Guinea española y su riqueza forestal / _cFernando Nájera y Angulo. |
| 260 |
_aMadrid : _b[s.n.], _c1930 ( _fImp. Artística) |
||
| 300 |
_a120 p. : _bil. ; _c24 cm. |
||
| 594 | _aEn port.: Comisionado por R.O., fecha de 31 de julio de 1928, de la Dirección General de Marruecos y Colonias para estudiar la riqueza forestal de la Guinea española. | ||
| 650 | 4 |
_aBosques- _zGuinea Ecuatorial. _9167260 |
|
| 710 | 1 |
_aEspaña. _bDirección General de Marruecos y Colonias. _93752 |
|
| 852 |
_aES-MaACL _jB-4555 |
||
| 999 |
_c111268 _d111268 |
||